| 000 | 00636nam a22001937a 4500 | ||
|---|---|---|---|
| 005 | 20100813104517.0 | ||
| 010 | _aENG-100171 | ||
| 020 |
_a9788190930123 _c150.00 |
||
| 035 | _aEN-83703 | ||
| 037 | _bDBAD/PUB | ||
| 082 | _a512 | ||
| 100 |
_aS. Anitha _912731 |
||
| 245 |
_aClassical algebra & sequence and series / _bby S. Anitha |
||
| 260 |
_aMadurai _bShanlax Computers _c2009 |
||
| 270 |
_a61, T. P. K. Main Road Vasantha Nagar _bMadurai _e625003 |
||
| 300 |
_a196 p. _c19cm (Pbk) |
||
| 942 |
_2ddc _cEN _h512 _mSAN |
||
| 999 |
_c41530 _d41530 |
||